| 000 | 01504nam a2200289Ia 4500 | ||
|---|---|---|---|
| 999 |
_c5731 _d5731 |
||
| 003 | OSt | ||
| 005 | 20200504173132.0 | ||
| 008 | 191128s1991 ck gr 000 0 spa d | ||
| 020 | _a9589272061 | ||
| 040 |
_aCO-JMCR _cCO-JMCR |
||
| 041 | 0 | _aspa | |
| 082 | 0 | 4 |
_a327.098 / _bR173c _223 |
| 100 | 1 |
_aRamírez, José Luis, _eautor _93893 |
|
| 245 | 1 | 0 |
_aColombia y América Latina frente a Europa 1992 / _cJosé Luis Ramírez, Marta Jimena Osorio y Alfredo Fuentes |
| 250 | _a1a edición | ||
| 260 |
_aBogotá : _bFundación Friedrich Ebert de Colombia : Centro de Estudios Internacionales de la Universidad de los Andes : Corporación Latinoamericana de Economía Internacional, _c1991 |
||
| 300 |
_a235 páginas ; _c20 cm. |
||
| 504 | _aBibliografía: páginas 128-131 | ||
| 505 | 0 | _aLas relaciones internacionales de Colombia con la comunidad económica europea -- Las relaciones comerciales entre Colombia y la comunidad económica Europea -- Europa 1992 y América Latina : relaciones entre bloques económicos en los años noventa | |
| 520 | _aLas relaciones entre Europa Occidental y América Latina se han desarrollado en un total asimetría entre lo político y lo económico. Este hecho ha generado una gran contradicción. | ||
| 650 | 1 | 4 |
_aRelaciones multilaterales _93894 |
| 650 | 1 | 4 |
_aComunidad económica europea _93895 |
| 650 | 1 | 4 |
_aRelaciones internacionales _93476 |
| 700 | 1 |
_aOsorio, Marta Jimena, _eautor _93896 |
|
| 700 | 1 |
_aFuentes, Alfredo, _eautor _93897 |
|
| 942 |
_2ddc _cBK |
||